| 000 | 00656cam a2200229 4500 | ||
|---|---|---|---|
| 001 | B2563 | ||
| 008 | 090401t1989 xxu||||| |||| 00| 0 eng d | ||
| 035 | _a(Sirsi) u50861 | ||
| 041 | _aeng | ||
| 050 | _a333.0062 | ||
| 090 | _aRICS 1989/48AB | ||
| 110 |
_aRoyal Institution of Chartered Surveyors _bNottinghamshire and Derbyshire Branch _93397 |
||
| 245 | _aBranch centenary year 1989-90 | ||
| 260 |
_aNottingham _bRICS Nottinghamshire and Derbyshire Bran _c1989 |
||
| 300 | _a(10)p. : ill. ; 30cm. | ||
| 350 | _a0 | ||
| 650 | _aABOUT RICS-RICS MEMBERS | ||
| 650 | _aDERBYSHIRE | ||
| 650 | _aNOTTINGHAMSHIRE | ||
| 942 | _n0 | ||
| 948 | _c04/03/1997 | ||
| 999 |
_c92762 _d92762 |
||